Quiz Baja Edad Media en España - Estadísticas

Estadísticas generales
  • Esta prueba ha sido intentada 36 veces
  • La puntuación promedio es 13 de 40
Estadísticas de respuestas
Hint Respuesta % Correcto
¿Quién fue el primer monarca de la dinastía de los Trastámara? Enrique II
64%
¿Qué obra de Alfonso X introdujo el Derecho Romano? Las Siete Partidas
59%
¿Qué monarca invadió Castilla en 1475? Alfonso V de Portugal
55%
Musulmanes que tras la invasión musulmana se convierten al Cristianismo Morisco
55%
Cristianos en zona musulmana y que mantenían su religión y sus costumbres Mozárabe
55%
¿Qué monarca aragonés firmó el Tratado de Almizra? Jaime I
50%
¿Qué se constituyó con la bula Exigit Sinceras Devotionis affectus? Tribunal de la Inquisición
50%
Año de muerte de Alfonso X 1284
45%
¿A través de qué pacto accedió al trono Fernando de Antequera? Compromiso de Caspe
45%
¿Quién fue tres veces reina? María de Molina
45%
Musulmanes en zona cristiana y que mantenían su religión y sus costumbres Mudéjar
45%
¿Bajo que monarca se promulgó el Privilegio General de 1283? Pedro III
41%
¿Contra que grupo musulmán se combatió en la Batalla del Salado? Benimerines
36%
¿Qué militar cordobés expulsó a los franceses del sur de Italia? El Gran Capitán (Gonzalo Fernández de Córdoba)
36%
¿Qué evento ocurrió en 1465 contra Enrique IV? Farsa de Ávila
36%
¿Qué monarca elimina la dinastía privativa de Mallorca? Pedro IV el Ceremonioso
36%
Nombre despectivo por el que se conocía a los judíos Marranos
32%
¿Quién fue el último rey de la dinastía borgoñona en Castilla? Pedro el Cruel/el Justiciero
32%
Nombre por el que se conocen a las matanzas de judíos. Pogrom
32%
¿Quién renunció a los derechos sobre los condados catalanes con el Tratado de Corbell? Luis IX
27%
Cristianos que tras la invasión musulmana se convierten al Islam Muladíes
27%
¿Con qué nombre se les conocía a las personas sin privilegios fiscales, que debían pagar los tributos? Pecheros
27%
Nombre por el que se conocen a los terrenos del propiedad del Rey. Realengo
27%
¿Quién fue derrotado en la Batalla de Aljubarrota? Juan I de Castilla
23%
¿Quién escribió la autobiografía Memorias? Leonor López de Córdoba
23%
Nombre por el que se le conocen a las concesiones reales emitidas por Enrique II a quienes le ayudaron en su ascensión al trono. Mercedes enriqueñas
23%
¿En qué batalla se utilizó por primera vez la pólvora en España? Niebla
23%
¿Qué tratado delimitó las fronteras en el norte de África entre Castilla y Aragón? Tratado de Monteagudo
23%
¿Quién sometió a la isla de La Palma? Alfonso Fernández de Lugo
18%
¿Qué batalla marca la conquista de la isla de Cerdeña por los aragoneses? Batalla de Lucocisterna
18%
Capitán que creó el Real de Las Palmas en Gran Canarias en 1479 Juan Rejón
18%
Concejo que decide los asuntos internos de las juderías Qahal
18%
Legislación de prohibiciones a la comunidad judía durante la regencia de María de Molina en 1313 Sínodo de Zamora
18%
¿Mediante qué tratado recuperó Aragón el Rosellón y Cerdeña en 1493? Tratado de Barcelona
18%
¿Qué constitución promulgó Fernando el Católico en las Cortes de Barcelona de 1481? Constitución de la Observancia
14%
Matanza de judíos y conversos en 1473. Evento de la Cruz de Rastro
14%
Nombre de uno de los caballeros Normandos que iniciaron la conquista de las Islas Canarias Jean de Bethercourt o Gadifier de la Salle
14%
¿Quién murió en la Batalla de Benevento? rey Manfredo de Hohenstaufen
14%
¿Qué tratado pone fin a las Vísperas sicilianas? Tratado de Caltabellotas
14%
Batalla ganada por los guanches en Tenerife en 1494 Batalla de Acentejo
9%
No se encontraron pruebas coincidentes
Distribución de puntuación
Porcentaje de gente con cada puntuación
Porcentaje por número respondido
Historial de tus puntuaciones
No has intentado esta prueba.